000 00447nam a2200217Ia 4500
003 IT-RoPAU
008 120407s9999 xx 000 0 und d
040 _aIT-RoPAU
040 _cIT-RoPAU
041 _aita
100 _aGiuseppe Barbaglio
245 _aLe lettere di san Paolo
250 _aRoma
260 _aBorla
260 _c1980
300 _c cm
490 _acommenti biblici
490 _v13
942 _cBK
999 _c23153
_d23153